000 00858cam a2200205 a 4500
020 _a0933332912 :
040 _cDLC
082 0 0 _a016 SFC 1994 C149 Or.
100 1 _aShurtleff, William,
245 1 0 _aGreen vegetable soybeans (edamamé) and vegetable-type soybeans :
_bbibliography and sourcebook, 3rd century A.D. to 1994 : detailed information on 648 published documents (extensively annotated bibliography), 30 commercial green vegetable soybean products, 20 original interviews (many full text) and overviews, 28 unpublished archival documents /
260 _aLafayette, CA :
_bSoyfoods Center,
_cc1994.
300 _a265 p. ;
_c29 cm.
490 1 _aBibliographies and sourcebooks on soya series
500 _aIncludes indexes.
650 0 _aSoybean
650 0 _aSoyfoods
650 0 _aVegetables
700 1 _aAoyagi, Akiko.
942 _cAEDBB
999 _c18630
_d18630